02605nam a2200469 i 4500001001000000003000900010005001700019007000300036008004100039020002800080020002600108040003000134082003100164111009800195245018200293264007000475300003400545336002700579337003300606338002800639490005400667490003900721500007300760500002800833586007200861590002600933650004100959650006001000650004201060650004501102651006401147700004701211700004301258830009601301910004801397942001401445952017101459952016601630952015801796952016401954999001702118000046864DO-SdBNP20231013105042.0ta180403s2015 dr 000 0 spa d a9789945582284 (volumen) z9789945443622 (serie) aDO-SdBNPbspacBNPHUerda 4a330.97293bC744n, 20142221 aConcurso Biblioteca Juan Pablo Duarte (2014 : Santo Domingo) 984323d(2014 :cSanto Domingo)00aNueva literatura económica dominicana :bpremios del Concurso de Economía Biblioteca ¨Juan Pablo Duarte 2014¨/cedición José Alcántara Almánzar, Elvis Francis Soto aSanto DomingobBanco Central de la República Dominicana,c2015. axvii, 339 páginas ;c23 cm. 2rdacontentatextobtxt 2rdamediaasin mediaciónbn 2rdacarrieravolumenbnc1 aBanco Central de la República Dominicana ;v2171 aNueva literatura económica ;v18 aIncluye referencias bibliográficas y notas al pie de las páginas aIncluye bibliografías aPremio del Concurso de Economía Biblioteca Juan Pablo Duarte 2014 aInventariado, 2018/BT 4aEmpleozRepública Dominicana97877 4aInstituciones financieraszRepública Dominicana96015 4aPobrezazRepública Dominicana92079 4aMercado laboral zRepública Dominicana 4aRepública DominicanayEmigración e inmigración9844551 aAlcántara Almánzar, José,eedición1 aSoto, Elvis Francis,eedición9391560 aBanco Central de la República Dominicana;n217pNueva literatura económica ; 218984324 aBtavárez/Validado. Control de calidad MFF 2ddccLBS1 00102ddc56708DSaBNPHUbBNPHUcHDd2018-04-03eDeposito legall0oBNPHU DS 330.97293 C744n 2014p46864-30r2020-06-25te. 3w2020-06-25yLBS1ZPréstamo en sala 00102ddc56708DSaBNPHUbBNPHUcHDd2019-05-30eDonaciónl0oBNPHU DS 330.97293 C744n 2014p46864-40r2020-06-25te. 4w2020-06-25yLBS1ZPréstamo en sala 00102ddc51708PDaBNPHUbBNPHUcHDd2018-04-03eDeposito legall0oBNPHU PD 330.97293 C744n 2014p46864-10r2020-06-25w2020-06-25yLBS1ZNo se presta 00102ddc51708PDaBNPHUbBNPHUcHDd2018-04-03eDeposito legall0oBNPHU PD 330.97293 C744n 2014p46864-20r2020-06-25te. 2w2020-06-25yLBS1ZNo se presta c46353d46353